000 01287nam0a2200301 4500
001 RU\NLR\b_ik\195606
005 20260406012023.0
010 _a978-5-9925-0409-5
_91500
035 _a(NLR Aleph) 002268016
090 _a3911110
_c3911110
100 _a20120524d2012 |||y0rusy50 ca
101 0 _aeng
102 _aRU
105 _ay |||||||||
200 1 _aFiesta, and the sun also rises
_e[книга для чтения на английском языке]
_fErnest Hemingway
_gподгот. текста, коммент. и слов. А.В. Клетневой [i.e. Kletnova]
210 _aСанкт-Петербург
_cКАРО
_d2012
215 _a285, [2] с.
_d17
225 1 _aEnglish
_iModern prose
300 _aВ вып. дан.: Фиеста, и солнце восходит / Эрнест Хемингуэй
517 0 _aФиеста, и солнце восходит
606 1 _aАнглийский язык
_jКниги для чтения
_9972309
_3RU\NLR\AUTH\6646032
686 1 _aШ143.21-93рус91
700 1 _4070
_8eng
_7ba
_aHemingway
_bE.
_f1899-1961
_gErnest
_3RU\NLR\AUTH\7774728
_957656
702 1 _4220
_8rus
_7ba
_aKletnov
_bA. V.
_3RU\NLR\AUTH\77117519
_9100444
801 0 _aRU
_bNLR
_c20120524
_gRCR
942 _cBOOK
980 _aNB